Plánování dlouhodobého rozvoje aglomerací zpráva pro závěrečné oponentní řízení dílčího úkolu : SPEV 902 311 202/01
Gespeichert in:
| 1. Verfasser: | |
|---|---|
| Format: | Buch |
| Sprache: | Tschechisch |
| Veröffentlicht: |
Ostrava
Výzkumný ústav rozvoja oblasti a měst
1985
|
| Tags: |
Keine Tags, Fügen Sie das erste Tag hinzu!
|
MARC
| LEADER | 00000nam a2200000 4500 | ||
|---|---|---|---|
| 001 | c104232 | ||
| 005 | 20221207070223.9 | ||
| 041 | 0 | |a cze | |
| 044 | |a CZ | ||
| 245 | 1 | 0 | |a Plánování dlouhodobého rozvoje aglomerací |b zpráva pro závěrečné oponentní řízení dílčího úkolu : SPEV 902 311 202/01 |c Jiří Kern |
| 264 | 1 | |a Ostrava |b Výzkumný ústav rozvoja oblasti a měst |c 1985 | |
| 300 | |a 18 s. | ||
| 100 | 1 | |a Kern, Jiří | |